Mythologie grecque - Les Cyclopes (ouraniens) - Statistiques

Statistiques générales
  • Ce quiz a été pris 13 fois
  • Le résultat moyen est 18 sur 22
Statistiques - réponses
Type de question Questions Réponses % Correct
Famille Frères (Titans) Cronos
100%
Famille Mère Gaïa
100%
Cyclope Quelle fût leur prison ? Le Tartare
100%
Famille Père Ouranos
100%
Famille Sœurs (Titanides) Rhéa
100%
Famille Frères (Hécatonchire) Briaréé
92%
Famille Frères (Titans) Hypérion
92%
Famille Frères (Titans) Japet
92%
Famille Frères (Titans) Crios
85%
Famille Sœurs (Titanides) Mnémosyne
85%
Famille Sœurs(Titanides) Phébé
85%
Famille Frères (Hécatonchire) Cottos
77%
Famille Frères (Hécatonchire) Gyès
77%
Famille Frères (Titans) Océanos
77%
Cyclope Cyclope dont le nom signifie "Eclair" Stéropès
77%
Famille Sœurs (Titanides) Téthys
77%
Famille Sœurs (Titanides) Théia
77%
Famille Sœurs (Titanides) Thémis
77%
Cyclope Cyclope dont le nom signifie "Foudre" Arghès
69%
Cyclope Cyclope dont le nom signifie "Tonnerre" Brontès
69%
Famille Sœurs (Titanides) Dioné
69%
Famille Frères (Titans) Koios
69%
Aucun quiz correspondant
Distribution des résultats
% des personnes avec chaque résultat
Percentile par nombre de réponses
Votre historique - résultats
Vous n’avez pas pris ce quiz